[Event "ITA-ch U20"]
[Site "Bratto"]
[Date "2005.08.23"]
[Round "4"]
[White "Ravagnati, Marco"]
[Black "Navarro, Tommaso"]
[Result "1/2-1/2"]
[WhiteElo "1658"]
[BlackElo "1805"]
[PlyCount "39"]
[EventDate "2005.08.20"]
[EventType "swiss"]
[EventRounds "9"]
[EventCountry "ITA"]
[SourceTitle "EXT 2006"]
[Source "ChessBase"]
[SourceDate "2005.11.24"]
[SourceVersion "1"]
[SourceVersionDate "2005.11.24"]
[SourceQuality "1"]

1. e4 e5 2. Nf3 Nc6 3. Bc4 Bc5 4. c3 Nf6 5. d3 h6 6. Nbd2 d6 7. 0-0 0-0 8. h3 Be6 9. Qb3 Na5 10. Qa4 Nxc4 11. Nxc4 c6 12. Ne3 Qc7 13. d4 Bb6 14. Qc2 Nh5 15. Rd1 Nf4 16. Nf5 Bxf5 17. Bxf4 Bxe4 18. Qxe4 exf4 19. Qxf4 d5 20. Qxc7 1/2-1/2

[Event "ITA-ch U14"]
[Site "San Nicola Arcella"]
[Date "2004.07.04"]
[Round "1"]
[White "Ravagnati, Marco"]
[Black "Bonafede, Alessandro"]
[Result "0-1"]
[WhiteElo "1517"]
[BlackElo "2107"]
[PlyCount "39"]
[EventDate "2004.07.04"]
[EventType "swiss"]
[EventRounds "8"]
[EventCountry "ITA"]
[SourceTitle "EXT 2024"]
[Source "ChessBase"]
[SourceDate "2023.10.10"]
[SourceVersion "1"]
[SourceVersionDate "2023.10.10"]
[SourceQuality "1"]

1. e4 c5 2. Nf3 Nc6 3. d4 cxd4 4. Nxd4 Nf6 5. Nc3 e5 6. Nb3 Bb4 7. Bg5 h6 8. Bxf6 Qxf6 9. Bc4 Qg6 10. 0-0 Bxc3 11. bxc3 Qxe4 12. Bd5 Qg6 13. f4 0-0 14. fxe5 Nxe5 15. Re1 d6 16. Be4 f5 17. Qd5+ Be6 18. Qxd6 Nf7 19. Qxe6 Qxe6 20. Bxb7 0-1